00530nam a2200181Ia 4500008004100000020001800041082000800059100002100067245004600088250000600134260004000140300001800180500002400198650001200222942000700234952009000241999001700331230524s9999 xx 000 0 und d a9788173715723 bKRI aP. Radha Krishna 0aObject Oriented Programming Through: JAVA a1 aNew DelhibUniversities Pressc2008 a"XVIII,467p;" aQuantity Number: 1 aComp-Sc cBK 00104070aTATCLbTATCLcGENd2023-05-24l0o KRIp54063r2023-05-24w2023-05-24yBK c57700d57700